| 000 | 01918cmm a22003974a 4500 | ||
|---|---|---|---|
| 001 | 12400936 | ||
| 003 | EG-ScBUE | ||
| 005 | 20250126110031.0 | ||
| 008 | 010507t2004 nyu f eng d | ||
| 020 | _a0471419621 | ||
| 020 | _a0471378186 (container) | ||
| 040 |
_aDLC _beng _erda _cDLC _dEG-ScBUE |
||
| 082 | 0 | 4 |
_a530 _222 _bHAL |
| 100 | 1 |
_aHalliday, David, _d1916- _eauthor. |
|
| 245 | 1 | 0 |
_aFundamentals of physics / _cDavid Halliday, University of Pittsburgh, Robert Resnick, Rensselaer Polytrchnic Institute, Jearl Walker, Clevland State University. |
| 250 | _aSixth edition. | ||
| 264 | 1 |
_aNew York : _bJohn Wiley & Sons, Inc., _c[2004] |
|
| 264 | 4 | _cc2004 | |
| 300 |
_a384 pages ; _e25 cm. |
||
| 336 |
_2rdacontent _atext _btxt |
||
| 337 |
_aunmediated _2rdamedia _bn |
||
| 338 |
_avolume _bnc _2rdacarrier |
||
| 490 | 0 | _aStuden`ts solution manual | |
| 500 | _aTitle from disc label. | ||
| 520 | _aStudy aid for physics students. Contains the complete contents of the textbook Fundamentals of physics by Halliday, Resnick, and Walker as well as content from the student solutions manual and study guide. Features interactive problem solving software, simulations taken from key concepts in the textbook, and video tutorials. | ||
| 521 | _aPhysics students. | ||
| 538 | _aSystem requirements for Windows: 166MHz Pentium; 32MB RAM; Windows 95/98; 4MB free hard disk space; 800 x 600 resolution; Windows-compatible sound card; 4X CD-ROM drive. | ||
| 538 | _aSystem requirements for Macintosh: 166MHz Power Macintosh 8500; 64MB RAM; System 8.0 or higher; 4MB free hard disk space; 800 x 600 resolution; 4X CD-ROM drive. | ||
| 650 | 7 |
_aPhysics. _2BUEsh |
|
| 655 | _vReading book | ||
| 700 | 1 |
_aResnick, Robert, _d1923- _eauthor. |
|
| 700 | 1 |
_aWalker, Jearl, _d1945- _eauthor. |
|
| 906 |
_a7 _bcbc _corignew _d2 _encip _f20 _gy-gencompf |
||
| 942 |
_2ddc _cBB |
||
| 999 |
_c10144 _d10144 |
||